000 00592cam a22002411 4500
001 9382042
005 20180103042426.0
008 720629s1963 nyua b 000 0 eng
010 _a 63010510
015 _aGB63-10049
035 _a(OCoLC)345441
040 _aDLC
_cOClU
_dOCoLC
_dUk
_dDLC
041 _aeng
042 _apremarc
080 _a658.38
082 _a658.38 SHIL
100 1 _a54
101 _aLID
245 1 0 _aAutomation and industrial relations.
504 _aIncludes bibliography.
906 _a7
_bcbc
_coclcrpl
_du
_encip
_f19
_gy-gencatlg
942 _2ddc
_cBK
999 _c39613
_d39613